| 000 | 01058nam a2200349Ia 4500 | ||
|---|---|---|---|
| 001 | Z_6612 | ||
| 003 | CHAP | ||
| 008 | 220113s2006 xx 000 0 und d | ||
| 010 | _a169883 | ||
| 020 | _a84-8476-005-7 | ||
| 040 | _cCHAP | ||
| 082 | _a631.585 R47 | ||
| 100 |
_aResh, Howard M. _996111 |
||
| 245 |
_aCultivos hidroponicos / _cHoward M. Resh; revisión y ampliación Carlos de Juan |
||
| 250 | _a5a ed. | ||
| 260 |
_aEspaña : _bMundi-Prensa, _c2006 |
||
| 300 | _a558 p. | ||
| 500 | _aTraducción de la obra en inglés: Hydroponic food production \ 5a ed. española , reimpresión 2006 | ||
| 503 | _aej.1: consumo \ ej.2. consumo | ||
| 504 | _aBibliografía: p. 535 - 546, incliye índice | ||
| 650 |
_aCultivo sin tierra _9145363 |
||
| 650 |
_aCultivos hidropónicos _9145364 |
||
| 650 |
_aNutrición de las plantas _9145365 |
||
| 650 |
_aSustratos de crecimiento _9145366 |
||
| 700 |
_aJuan, Carlos de, rev. _9145367 |
||
| 901 | _a631.585 R47 | ||
| 902 | _aM | ||
| 910 | _a2006 | ||
| 942 | _c1 | ||
| 942 | _cc1 | ||
| 999 |
_c169883 _d169883 |
||